[Event "AUTO-OPEN-4618"]
[Site "http://www.queenalice.com/game.php?id=1863913"]
[Date "2025.10.7"]
[Round "1"]
[White "mvson33"]
[Black "kuntakinte"]
[Result "1-0"]
[WhiteElo "1790"]
[BlackElo "1723"]

1. e4 e5 2. Nf3 d6 3. Bc4 Be7 4. O-O Bg4 5. d3 c6 6. a3 b5 7. Ba2 Nf6 8. Bg5 h6
9. Bh4 Nbd7 10. Nbd2 d5 11. exd5 Nxd5 12. Bxe7 Qxe7 13. Qe1 O-O 14. Qe4 Bh5 15.
Bxd5 cxd5 16. Qh4 Nf6 17. Rfe1 e4 18. dxe4 dxe4 19. Nxe4 Bxf3 20. gxf3 Qe5 21.
Nxf6+ Qxf6 22. Qxf6 gxf6 23. Re2 a5 24. Rae1 Kg7 25. Re7 Rad8 26. R1e2 h5 27.
Kg2 h4 28. Rb7 Rd5 29. Rbe7 Rh8 30. R7e4 Rhh5 31. Kh3 Kg6 32. Rxh4 Rhf5 33. Kg3
Rg5+ 34. Rg4 f5 35. Rxg5+ Kxg5 36. f4+ Kg6 37. Kh4 Rd4 38. Kg3 f6 39. Kf3 Rd1
40. Kg2 Rb1 41. c3 Rd1 42. f3 Rd8 43. Kf2 Rh8 44. Kg2 Kh5 45. Re6 Rh6 46. Rc6
Kh4 47. Rc5 Rg6+ 48. Kh1 Kh3 49. Rxf5 Rh6 50. Rxb5 Rh4 51. Rxa5 Rxf4 52. Rh5+
Rh4 53. Rxh4+ Kxh4 54. Kg2 Kg5 55. a4 Kf5 56. a5 1-0

[Event "AUTO-OPEN-4618"]
[Site "http://www.queenalice.com/game.php?id=1863914"]
[Date "2025.10.7"]
[Round "1"]
[White "kuntakinte"]
[Black "mvson33"]
[Result "1-0"]
[WhiteElo "1788"]
[BlackElo "1756"]

1. e4 e5 2. Nf3 Nc6 3. Bc4 Be7 4. O-O Nf6 5. Nc3 O-O 6. d3 d6 7. h3 Bd7 8. a3
Rc8 9. b4 a6 10. b5 axb5 11. Nxb5 Na5 12. Nc3 Nxc4 13. dxc4 c6 14. Re1 Qc7 15.
a4 d5 16. cxd5 cxd5 17. Nxd5 Qd8 18. a5 Bc6 19. c4 Bd6 20. Bg5 Be7 21. Qb3 Re8
22. Nb6 Rc7 23. Red1 Qb8 24. a6 Nxe4 25. a7 1-0

[Event "AUTO-OPEN-4618"]
[Site "http://www.queenalice.com/game.php?id=1863939"]
[Date "2025.10.7"]
[Round "1"]
[White "kuntakinte"]
[Black "game"]
[Result "0-1"]
[WhiteElo "1710"]
[BlackElo "1599"]

1. e4 e5 2. Nf3 d6 3. d3 Nc6 4. c3 Bg4 5. Be2 Nf6 6. h3 Bd7 7. O-O Qe7 8. Bg5
O-O-O 9. b4 h6 10. Bh4 g5 11. Bg3 g4 12. hxg4 Bg7 13. d4 Bxg4 14. d5 Nb8 15. Bh4
Nbd7 16. Nbd2 h5 17. Nc4 Nf8 18. Ng5 Nxe4 19. Bxg4+ hxg4 20. Qxg4+ Kb8 21. Qxe4
Ng6 22. g3 Bf6 23. Qg4 Rh6 24. Kg2 Rdh8 25. Rh1 e4 26. Rae1 Ne5 27. Nxe5 Qxe5
28. Nxf7 Qh5 29. Nxh6 Qxh6 30. Rxe4 Rf8 31. Re7 Bxe7 32. Bxe7 Rxf2+ 33. Kg1 Qe3
34. Qg8+ Rf8+ 35. Kg2 Rxg8 36. Bh4 Qe4+ 37. Kh2 Qxd5 38. Kg1 Qxa2 39. Rh2 Qa1+
40. Kg2 Qxc3 41. b5 Qb2+ 42. Kh3 Qxb5 43. Rf2 a5 44. g4 a4 45. Rf3 Qd7 46. Rf4
a3 47. Bf6 a2 48. Rb4 a1=Q 49. Bxa1 c5 50. Rc4 b5 51. Rf4 c4 52. Bf6 Rg6 53. Bc3
Rh6+ 54. Kg3 d5 55. Bd2 d4 56. Rf8+ Kb7 57. Bxh6 Qd6+ 58. Rf4 d3 59. Kf3 Qxh6
60. Rd4 Qe6 61. g5 Kc6 62. Re4 Qf5+ 63. Rf4 Qxg5 0-1

[Event "AUTO-OPEN-4618"]
[Site "http://www.queenalice.com/game.php?id=1863940"]
[Date "2025.10.7"]
[Round "1"]
[White "game"]
[Black "kuntakinte"]
[Result "1-0"]
[WhiteElo "1585"]
[BlackElo "1803"]

1. d4 d5 2. Nf3 Nc6 3. e3 Nf6 4. e4 dxe4 5. Ng5 e6 6. Bc4 Be7 7. Nc3 h6 8. Ngxe4
Nxd4 9. O-O O-O 10. Re1 c6 11. Qd3 Qb6 12. Na4 Qa5 13. Nac3 e5 14. Qg3 Nxc2 15.
Bxh6 g6 16. Bxf8 Nxa1 17. Bxe7 Nxe4 18. Rxe4 Nc2 19. Rxe5 Qc7 20. Qxg6+ Kh8 21.
Rh5# 1-0

[Event "AUTO-OPEN-4618"]
[Site "http://www.queenalice.com/game.php?id=1863941"]
[Date "2025.10.7"]
[Round "1"]
[White "kuntakinte"]
[Black "Capixabba789"]
[Result "0-1"]
[WhiteElo "1779"]
[BlackElo "1892"]

1. e4 e5 2. Nf3 d6 3. d3 f5 4. c3 Nf6 5. Qe2 Be7 6. Nbd2 O-O 7. d4 fxe4 8. dxe5
dxe5 9. Nxe5 Bf5 10. Qc4+ Qd5 11. Qxc7 Bd6 12. Bc4 Bxc7 13. Bxd5+ Nxd5 14. c4
Bxe5 15. cxd5 Rd8 16. O-O Rxd5 17. Re1 Nc6 18. Nxe4 Bxe4 19. f3 Bd4+ 20. Kh1 Bg6
21. a3 Bb6 22. h3 Rad8 23. Bf4 Nd4 24. Rac1 Ba5 25. Re7 R5d7 26. Re5 Bc7 27.
Rxc7 Rxc7 28. Ra5 Rcd7 29. Rxa7 Bd3 30. Bg5 Re8 31. a4 h6 32. Bh4 Bc4 33. b4 Rf7
34. Bf2 Bd5 35. Bxd4 Rc7 36. Bb2 Re2 37. Bd4 Rcc2 38. Kh2 Rxg2+ 39. Kh1 Bxf3 40.
Rxb7 Rc1+ 0-1

[Event "AUTO-OPEN-4618"]
[Site "http://www.queenalice.com/game.php?id=1863942"]
[Date "2025.10.7"]
[Round "1"]
[White "Capixabba789"]
[Black "kuntakinte"]
[Result "0-1"]
[WhiteElo "1914"]
[BlackElo "1757"]

1. d4 d5 2. Nc3 c6 3. e4 e6 4. e5 Bb4 5. Nf3 Bxc3+ 6. bxc3 Qb6 7. a4 Nd7 8. Ba3
Nh6 9. Bd3 f6 10. O-O Qc7 11. exf6 Nxf6 12. Ne5 Nf7 13. f4 Bd7 14. Qf3 Nd6 15.
g4 Rf8 16. g5 Nfe4 17. Qh5+ Ke7 18. c4 Be8 19. c5 Nf7 20. Qh4 Nxe5 21. fxe5
Rxf1+ 22. Rxf1 Bg6 23. Bc1 Rh8 24. c4 Kd8 25. Qe1 Kc8 26. Qb4 a5 27. Qb6 Qe7 28.
Qxa5 Kb8 29. Qb6 Nxg5 30. Be2 Nh3+ 31. Kh1 Rf8 32. a5 Be4+ 33. Bf3 Bxf3+ 34.
Rxf3 Rxf3 35. Qb1 Qh4 36. a6 Qe1+ 0-1

[Event "AUTO-ADV-4897"]
[Site "http://www.queenalice.com/game.php?id=1863967"]
[Date "2025.10.8"]
[Round "1"]
[White "Capixabba789"]
[Black "kuntakinte"]
[Result "1-0"]
[WhiteElo "1919"]
[BlackElo "1767"]

1. d4 d5 2. Nc3 e6 3. e4 Bb4 4. exd5 Bxc3+ 5. bxc3 exd5 6. a4 Nf6 7. Ba3 Nbd7 8.
Bd3 c6 9. Nf3 Qb6 10. O-O c5 11. Re1+ Kd8 12. Ne5 Nxe5 13. Rxe5 Bd7 14. Bxc5 Qa5
15. Rb1 b6 16. Be7+ Kc7 17. Qe1 Bxa4 18. Bb4 Bxc2 19. Bxa5 Bxb1 20. Bxb6+ axb6
21. Qxb1 Ra7 22. Re7+ Nd7 23. Rxf7 Rha8 24. Rxd7+ Kxd7 25. Qb5+ Kc7 26. h3 h5
27. Qxd5 h4 28. Be4 Rf8 29. Qe5+ Kd8 30. Qd6+ Ke8 31. Bg6+ 1-0

[Event "AUTO-ADV-4897"]
[Site "http://www.queenalice.com/game.php?id=1863968"]
[Date "2025.10.8"]
[Round "1"]
[White "kuntakinte"]
[Black "Capixabba789"]
[Result "0-1"]
[WhiteElo "1778"]
[BlackElo "1908"]

1. e4 e5 2. Nf3 d6 3. Bc4 Be7 4. O-O Nf6 5. d3 c5 6. a3 Nc6 7. Be3 Be6 8. Bxe6
fxe6 9. c3 O-O 10. Qb3 Qd7 11. Ng5 Nd8 12. Nd2 b6 13. d4 cxd4 14. cxd4 h6 15.
Ngf3 exd4 16. Bxd4 Kh8 17. e5 dxe5 18. Bxe5 Nd5 19. Rad1 Nc6 20. Ne4 Qe8 21. Rc1
Rc8 22. Rc2 Nxe5 23. Nxe5 Rxc2 24. Qxc2 Nf4 25. Qc4 Qh5 26. Nf3 Bc5 27. Ng3 Qf7
28. Ne5 Qc7 29. Nd3 Bxf2+ 30. Rxf2 Qxc4 31. Ne5 Qc1+ 32. Nf1 Ne2+ 0-1

[Event "AUTO-ADV-4897"]
[Site "http://www.queenalice.com/game.php?id=1863983"]
[Date "2025.10.8"]
[Round "1"]
[White "mvson33"]
[Black "kuntakinte"]
[Result "1-0"]
[WhiteElo "1819"]
[BlackElo "1690"]

1. f4 e6 2. Nc3 c6 3. Nf3 d5 4. e3 Nf6 5. Be2 Bc5 6. O-O O-O 7. b3 b6 8. Bb2 b5
9. Rc1 Nbd7 10. Kh1 Bd6 11. Qe1 Rb8 12. h3 a6 13. Nd4 c5 14. Nf3 e5 15. fxe5
Bxe5 16. Nxe5 Nxe5 17. Bf3 c4 18. Be2 Qc7 19. Qg3 Rb7 20. Nxd5 Qd6 21. Nxf6+ Kh8
22. Ne4 Qh6 23. Qxe5 f5 24. Qd6 Qxd6 25. Nxd6 Rd7 26. Nxc8 Rxc8 27. Rfd1 a5 28.
e4 f4 29. d3 c3 30. Ba1 b4 31. Rf1 Rf7 32. Bf3 g5 33. Bg4 Ra8 34. Bf3 a4 35. e5
Ra5 36. e6 Re7 37. Bg4 Kg7 38. Rcd1 Kg6 39. Rfe1 h5 40. Be2 Kh6 41. Bf3 Ra6 42.
Re4 Rb6 43. Rde1 Ra6 44. Rxb4 axb3 45. axb3 Rexe6 46. Rxe6+ Rxe6 47. Bxc3 h4 48.
Rb7 Kg6 49. Be4+ Kh5 50. Rh7+ Rh6 51. Bf3+ Kg6 52. Rg7+ 1-0

[Event "AUTO-ADV-4897"]
[Site "http://www.queenalice.com/game.php?id=1863984"]
[Date "2025.10.8"]
[Round "1"]
[White "kuntakinte"]
[Black "mvson33"]
[Result "0-1"]
[WhiteElo "1737"]
[BlackElo "1792"]

1. e4 d5 2. e5 e6 3. d4 c5 4. c3 cxd4 5. Qa4+ Nc6 6. cxd4 Bd7 7. Qd1 Bb4+ 8. Bd2
Bxd2+ 9. Qxd2 Nge7 10. Nf3 O-O 11. Bd3 Rc8 12. Nc3 Ng6 13. O-O Qb6 14. Bxg6 fxg6
15. b3 Qc7 16. Nb5 Qb6 17. Nd6 Rcd8 18. Rab1 Ne7 19. g4 Rxf3 20. Qe2 Rff8 21.
Qd3 Nc6 22. Rfd1 Rf4 23. h3 Rdf8 24. a4 Nxe5 25. Nc4 Nxd3 26. Nxb6 axb6 27. Rxd3
Rxf2 28. Rc3 Bc6 29. Re1 R2f3 30. Rec1 Rxc3 31. Rxc3 Rf4 32. Rd3 Kf7 33. Kg2 Ke7
34. Kg3 Rf7 35. Re3 Kd6 36. Re2 Kd7 37. Ra2 Ke7 38. b4 Bd7 39. b5 Kd6 40. Re2 g5
41. Re5 h6 42. h4 gxh4+ 43. Kxh4 Rf4 44. Kh5 Rxd4 45. Re2 Rxa4 46. Rf2 Rb4 47.
Rf7 Be8 0-1

[Event "AUTO-ADV-4897"]
[Site "http://www.queenalice.com/game.php?id=1863993"]
[Date "2025.10.8"]
[Round "1"]
[White "Shizumaru_Hisame"]
[Black "kuntakinte"]
[Result "1-0"]
[WhiteElo "1783"]
[BlackElo "1752"]

1. e4 e5 2. d4 c6 3. dxe5 Qa5+ 4. Nc3 Qxe5 5. f4 Qa5 6. Bd2 Qb6 7. Na4 Qc7 8.
Qf3 b5 9. Nc3 Bb7 10. O-O-O a6 11. g4 d6 12. g5 Nd7 13. h4 O-O-O 14. Bh3 g6 15.
h5 h6 16. hxg6 fxg6 17. f5 h5 18. fxg6 Bg7 19. Nce2 Rf8 20. Qa3 Be5 21. Nf3 Re8
22. Nxe5 dxe5 23. Ba5 Qb8 24. Bf5 Ne7 25. Bxd7# 1-0

[Event "AUTO-ADV-4897"]
[Site "http://www.queenalice.com/game.php?id=1863994"]
[Date "2025.10.8"]
[Round "1"]
[White "kuntakinte"]
[Black "Shizumaru_Hisame"]
[Result "0-1"]
[WhiteElo "1768"]
[BlackElo "1767"]

1. e4 d5 2. e5 d4 3. d3 Nc6 4. Nf3 Nh6 5. Ng5 Nxe5 6. Nf3 Nxf3+ 7. Qxf3 Qd6 8.
Bf4 Qb4+ 9. Nd2 Qxb2 10. c4 Qxa1+ 11. Qd1 Qxd1+ 12. Kxd1 c6 13. c5 f6 14. Nb3 e5
15. Bg3 Nf5 16. a4 h5 17. h4 Be6 18. Nd2 Bxc5 19. Ne4 Bb4 20. Kc2 O-O 21. Be2 g6
22. Rb1 a5 23. Bf4 exf4 0-1

[Event "AUTO-ADV-4900"]
[Site "http://www.queenalice.com/game.php?id=1864731"]
[Date "2025.10.25"]
[Round "1"]
[White "kuntakinte"]
[Black "SGF"]
[Result "1-0"]
[WhiteElo "1686"]
[BlackElo "1729"]

1. e4 e5 2. Nf3 Qf6 3. b3 d6 4. d3 h6 5. Nc3 c6 6. b4 Bg4 7. Be2 g5 8. h3 Bxf3
9. Bxf3 b5 10. Bb2 a5 11. a3 axb4 12. axb4 Rxa1 13. Qxa1 Nd7 14. Qa8+ Qd8 15.
Qxc6 Qb8 16. Nxb5 Ne7 17. Nxd6+ Kd8 18. Nxf7+ Ke8 19. Qc4 Rh7 20. Bh5 Rxf7 21.
Qxf7+ Kd8 22. Ba3 Qa8 23. Qb3 Nf6 24. Bf3 h5 25. O-O Nc6 26. c3 g4 27. hxg4 hxg4
28. Be2 Bd6 29. Ra1 Nh5 30. Qg8+ Kc7 31. Qxa8 Nf4 32. Bxg4 Nxd3 33. b5 Nb8 34.
Qa7+ Kd8 35. Bxd6 Ke8 36. Qe7# 1-0

[Event "AUTO-ADV-4900"]
[Site "http://www.queenalice.com/game.php?id=1864732"]
[Date "2025.10.25"]
[Round "1"]
[White "SGF"]
[Black "kuntakinte"]
[Result "1-0"]
[WhiteElo "1670"]
[BlackElo "1712"]

1. e4 e5 2. Qf3 Nf6 3. d3 d6 4. Be2 Nc6 5. c3 Bg4 6. Qg3 Bh5 7. Bxh5 Nxh5 8. Qf3
Nf6 9. Ne2 h6 10. h4 Nd7 11. b4 Qe7 12. a4 O-O-O 13. b5 Na5 14. h5 g5 15. hxg6
fxg6 16. Be3 g5 17. Bxa7 b6 18. Na3 Nc6 19. bxc6 Nc5 20. Nb5 Bg7 21. a5 Rdf8 22.
Qg4+ Qe6 23. Qxe6+ Nxe6 24. axb6 cxb6 25. Bxb6 Kb8 26. Nxd6 Nc7 27. Ra7 Rc8 28.
O-O Bf8 29. Rb7+ 1-0

[Event "AUTO-ADV-4903"]
[Site "http://www.queenalice.com/game.php?id=1865405"]
[Date "2025.11.10"]
[Round "1"]
[White "dosoldini"]
[Black "kuntakinte"]
[Result "0-1"]
[WhiteElo "1608"]
[BlackElo "1701"]

1. e4 e5 2. Nf3 Nc6 3. a3 d6 4. h3 Nf6 5. Nc3 a6 6. Be2 Be6 7. d4 exd4 8. Nxd4
Qd7 9. b4 d5 10. Qd3 dxe4 11. Nxe4 Qxd4 12. Qxd4 Nxd4 13. Bd3 O-O-O 14. Nc3 Re8
15. Bb2 Bxh3+ 16. Ne2 Nxe2 17. Bxe2 Bxg2 18. Rg1 Bf3 19. Bxf6 Rxe2+ 20. Kf1 gxf6
21. Rg3 Bh5 22. f3 Rxc2 0-1

[Event "AUTO-ADV-4903"]
[Site "http://www.queenalice.com/game.php?id=1865406"]
[Date "2025.11.10"]
[Round "1"]
[White "kuntakinte"]
[Black "dosoldini"]
[Result "1-0"]
[WhiteElo "1687"]
[BlackElo "1628"]

1. e4 e5 2. Nf3 Nc6 3. Bc4 Nf6 4. Nc3 Bc5 5. Nd5 Nxe4 6. O-O Nd6 7. d3 f6 8. Re1
Nd4 9. c3 Ne6 10. Bb3 h6 11. d4 exd4 12. cxd4 c6 13. Nf4 Bb4 14. Re2 Nf5 15. a3
Qa5 16. d5 Bd6 17. dxe6 Bxf4 18. Bxf4 1-0

[Event "AUTO-ADV-4903"]
[Site "http://www.queenalice.com/game.php?id=1865423"]
[Date "2025.11.10"]
[Round "1"]
[White "Capixaba789"]
[Black "kuntakinte"]
[Result "1-0"]
[WhiteElo "1889"]
[BlackElo "1694"]

1. d4 d5 2. Nc3 a6 3. f4 e6 4. Nf3 f6 5. e3 c6 6. Bd3 Bb4 7. Bd2 f5 8. O-O Nf6
9. Qe1 Ba5 10. Qg3 g6 11. a3 Bc7 12. Ne5 Rg8 13. Ne2 Nbd7 14. c4 c5 15. b4 cxd4
16. Nxd4 Qe7 17. cxd5 exd5 18. Bc3 Nxe5 19. fxe5 Bxe5 20. Qf3 Qc7 21. Rac1 Bxh2+
22. Kh1 Qd6 23. Nxf5 gxf5 24. Bxf5 Bg3 25. Bxf6 Qxf6 26. Bd7+ 1-0

[Event "AUTO-ADV-4903"]
[Site "http://www.queenalice.com/game.php?id=1865424"]
[Date "2025.11.10"]
[Round "1"]
[White "kuntakinte"]
[Black "Capixaba789"]
[Result "0-1"]
[WhiteElo "1713"]
[BlackElo "1889"]

1. e4 Nf6 2. d3 d6 3. h3 e5 4. Bg5 Be7 5. Be3 c5 6. Nc3 Nc6 7. a3 Be6 8. b3 Nd4
9. Nf3 a6 10. b4 b6 11. Be2 O-O 12. bxc5 bxc5 13. a4 a5 14. O-O Rb8 15. Bxd4
cxd4 16. Nd5 Nxd5 17. exd5 Bxd5 18. Qd2 f5 19. Bd1 Bf6 20. c4 Bf7 21. Re1 f4 22.
Rc1 Bg6 23. c5 dxc5 24. Rxc5 Be7 25. Rexe5 Bxc5 26. Rxc5 Rf5 27. Rc4 Kh8 28.
Nxd4 Rd5 29. Bf3 Rxd4 30. Qc2 Rxd3 31. Qc1 Rxf3 32. Kh2 Rxf2 33. Qe1 Rbb2 0-1

[Event "AUTO-INT-3951"]
[Site "http://www.queenalice.com/game.php?id=1865465"]
[Date "2025.11.12"]
[Round "1"]
[White "askasl159"]
[Black "kuntakinte"]
[Result "1-0"]
[WhiteElo "1415"]
[BlackElo "1704"]

1. e4 e5 2. f4 exf4 3. Nf3 Nc6 4. d4 Qf6 5. Bc4 Bb4+ 6. c3 Ba5 7. e5 Qf5 8. O-O
a6 9. Nh4 Qg5 10. Rxf4 b5 11. Rxf7 Qxh4 12. Qf3 bxc4 13. Rf8+ Ke7 14. Qf7# 1-0

[Event "AUTO-INT-3951"]
[Site "http://www.queenalice.com/game.php?id=1865466"]
[Date "2025.11.12"]
[Round "1"]
[White "kuntakinte"]
[Black "askasl159"]
[Result "0-1"]
[WhiteElo "1704"]
[BlackElo "1677"]

1. e4 e5 2. Nf3 Nc6 3. Bc4 Nf6 4. d3 Bc5 5. h3 O-O 6. Bg5 h6 7. Be3 Bxe3 8. fxe3
d5 9. exd5 Na5 10. Nxe5 Nxd5 11. Qd2 Nxc4 12. Nxc4 b5 13. Ne5 Qd6 14. d4 Bb7 15.
e4 Nf6 16. Qd3 Bxe4 17. Qc3 Bxg2 18. Rh2 Bd5 19. Nd2 b4 20. Qd3 Rfe8 21. Re2 Re7
22. c4 Bb7 23. Re3 Rae8 24. c5 Qd5 25. O-O-O Qxa2 26. Nb3 Nd5 27. Re2 Ba6 28.
Qf3 Bxe2 29. Qxe2 Qxb3 30. Rd3 Qa2 31. Qc2 f6 32. Nf3 Re2 33. Rd2 b3 34. Qb1
Rxd2 0-1

[Event "AUTO-INT-3951"]
[Site "http://www.queenalice.com/game.php?id=1865485"]
[Date "2025.11.12"]
[Round "1"]
[White "kuntakinte"]
[Black "game"]
[Result "1-0"]
[WhiteElo "1676"]
[BlackElo "1554"]

1. e4 c5 2. c4 d6 3. Nf3 Nf6 4. Nc3 e5 5. d3 Be7 6. b3 Ng4 7. h3 Qa5 8. Bd2 Nf6
9. Nd5 Qd8 10. a3 Nxd5 11. exd5 O-O 12. Be2 Bf6 13. Rb1 Re8 14. O-O e4 15. dxe4
Rxe4 16. Bd3 Re7 17. Qc2 Nd7 18. b4 g6 19. Bf4 Nb6 20. a4 Bd7 21. b5 Nc8 22. Nd2
Bd4 23. Bg5 f6 24. Bh4 Rf7 25. Ne4 Kg7 26. Bg3 Be5 27. f4 Bd4+ 28. Kh1 f5 29.
Ng5 Rf6 30. Bh4 h6 31. Nf3 g5 32. fxg5 Rg6 33. gxh6+ 1-0

[Event "AUTO-INT-3951"]
[Site "http://www.queenalice.com/game.php?id=1865486"]
[Date "2025.11.12"]
[Round "1"]
[White "game"]
[Black "kuntakinte"]
[Result "0-1"]
[WhiteElo "1508"]
[BlackElo "1687"]

1. d4 d5 2. Nf3 Nc6 3. e4 e6 4. Bg5 f6 5. Bh4 Bb4+ 6. Nc3 dxe4 7. Nd2 Qxd4 8.
Nb5 Qe5 9. Bg3 Qf5 10. Nxc7+ Kf7 11. Nxa8 Nge7 12. Nc7 a6 13. Bc4 Rd8 14. O-O
Rxd2 15. Qc1 b5 16. c3 Rd8 17. Rd1 Bc5 18. Rxd8 Nxd8 19. Bb3 Ndc6 20. Bxe6+ Bxe6
21. Qc2 Ne5 22. Nxa6 Bb6 23. Rd1 Nc4 24. Rf1 Qg6 25. h4 Bf5 26. Qb3 Bd7 27. Nb8
Qg4 28. Rd1 Be6 29. Rf1 e3 30. Bh2 Nd2 31. Qxb5 exf2+ 32. Rxf2 Qd1+ 0-1